St Marylebone Property Co Ltd v Payne (Record no. 24401)

MARC details
000 -LEADER
fixed length control field 01249cab a2200241 4500
001 - CONTROL NUMBER
control field ABS51659
008 - FIXED-LENGTH DATA ELEMENTS--GENERAL INFORMATION
fixed length control field 090401t1994 xxu||||| |||| 00| 0 eng d
035 ## - SYSTEM CONTROL NUMBER
System control number (Sirsi) u37952
041 ## - LANGUAGE CODE
Language code of text/sound track or separate title eng
245 ## - TITLE STATEMENT
Title St Marylebone Property Co Ltd v Payne
260 ## - PUBLICATION, DISTRIBUTION, ETC.
Date of publication, distribution, etc. 1994
350 ## - PRICE (NR) (BK AM CF MU VM SE) [OBSOLETE]
Price 0
490 ## - SERIES STATEMENT
Series statement Estates Gazette
Volume/sequential designation (1994) EG 45 156-158(3)
520 ## - SUMMARY, ETC.
Summary, etc. CA 15 November 1993. On 9 July 1990, S made a successful bid at an auction for freehold investment premises and paid a 10% deposit. The auction particulars contained a photograph including a lateral line with arrow heads marking the extent of the property. The left hand arrow head incorrectly included a doorway to the left of the premises which was not owned by P. When S realised the particulars were wrong, return of the deposit was claimed. In proceedings transferred from HC, S based the claim on misdescription, misrepresentation and the general discretion of the Law of Property Act 1925 s49(2). Judgment to S.
650 ## - SUBJECT ADDED ENTRY--TOPICAL TERM
Topical term or geographic name entry element LAW OF PROPERTY ACT 1925 S49(2)
650 ## - SUBJECT ADDED ENTRY--TOPICAL TERM
Topical term or geographic name entry element MISDESCRIPTION
650 ## - SUBJECT ADDED ENTRY--TOPICAL TERM
Topical term or geographic name entry element MISREPRESENTATION
650 ## - SUBJECT ADDED ENTRY--TOPICAL TERM
Topical term or geographic name entry element Auctioneering
9 (RLIN) 6218
650 ## - SUBJECT ADDED ENTRY--TOPICAL TERM
Topical term or geographic name entry element ST MARYLEBONE PROPERTY CO LTD V PAYNE
690 ## - LOCAL SUBJECT ADDED ENTRY--TOPICAL TERM (OCLC, RLIN)
Topical term or geographic name as entry element Auctioneering
9 (RLIN) 6218
942 ## - ADDED ENTRY ELEMENTS (KOHA)
Suppress in OPAC 0
948 ## - LOCAL PROCESSING INFORMATION (OCLC); SERIES PART DESIGNATOR (RLIN)
c (OCLC) 04/03/1997
Holdings
Withdrawn status Lost status Source of classification or shelving scheme Damaged status Not for loan Home library Current library Shelving location Date acquired Total Checkouts Full call number Barcode Date last seen Copy number Price effective from Koha item type
    Dewey Decimal Classification     London London Journal article 14/09/1999   ABS51659 37952-1001 06/08/2019 1 06/08/2019 Law report